000 00338nam a22001337a 4500
008 180216b xxu||||| |||| 00| 0 eng d
020 _a078073050109
041 _aeng
080 _a37
100 _a48
101 _aedu
245 _awasy wrting lessons that get kids ready fro wtiitng assessments
_cmary.r
942 _2udc
_cBK
999 _c42777
_d42777